Statistics for Countries with polders

Click here to take the quiz!

General Stats

  • This quiz has been taken 452 times
    (14 since last reset)
  • The average score is 19 of 23

Answer Stats

Country% Correct
Belgium
100%
Denmark
100%
France
100%
Germany
100%
Ireland
100%
Italy
100%
Netherlands
100%
Spain
100%
United Kingdom
100%
United States
100%
Canada
93%
Finland
93%
Lithuania
93%
Poland
93%
China
79%
Japan
79%
Bangladesh
64%
India
64%
Slovenia
57%
Guyana
50%
South Korea
50%
Suriname
50%
Singapore
43%

Score Distribution

Percentile by Number Answered

Percent of People with Each Score

Your Score History

You have not taken this quiz since the last reset